Random Vegetables by Picture - Statistics

General Stats
  • This quiz has been taken 37 times
  • The average score is 12 of 25
Answer Stats
Picture Answer % Correct
Asparagus
100%
Broccoli
100%
Carrot
100%
Ginger
100%
Lettuce
100%
Nopal Cactus/Cactus
100%
Onion
100%
Peanut
100%
Potato
100%
Cauliflower
92%
Garlic
92%
Daisy
90%
Pea
90%
Sunflower
89%
Brussels Sprouts
88%
Cabbage
88%
Nori/Seaweed
80%
Jalapeno
78%
Rose
78%
Spinach
77%
Leek
75%
Sweet Potato
75%
Dandelion
73%
Beet/Beetroot
69%
Bell Pepper
67%
Celery
67%
Tulip
67%
Yam
67%
Artichoke
60%
Aloe Vera
57%
Green Bean
54%
Fennel
50%
Lima Bean
50%
Okra
50%
Radish
50%
Green Onion
46%
Shallot
43%
Kale
40%
Broccolini
38%
Lemongrass
38%
Turnip
33%
Chickpea
30%
Rutabaga
30%
Cassava
27%
Lentil
25%
Lotus
22%
Marigold
22%
Arugula
18%
Bamboo Shoot
18%
Daylily
18%
Celeriac
17%
Chicory
15%
Bok Choy
13%
Chives
13%
Cress
13%
Habanero
13%
Kohlrabi
13%
Scallion/Spring Onion
13%
Pumpkin Flower
10%
Cayenne
9%
Grape Hyacinth
8%
Sea Grape
8%
Thyme
8%
Tumeric
8%
Yarrow
7%
Daikon
0%
Heart of Palm
0%
Kalette
0%
Lilac
0%
Parsley
0%
Sorrel (Wood)
0%
Ube/Purple Yam
0%
No matching quizzes found
Score Distribution
Percent of People with Each Score
Percentile by Number Answered
Your Score History
You have not taken this quiz